01355nam a2200337Ia 4500001001100000003000800011006001900019007001500038008004100053010001700094020001500111040002100126035002000147050002400167082002000191245013100211260006000342300001600402490005100418504005100469533015200520650002900672650002400701650004200725655002900767700002400796710001700820830004000837856012500877999001501002ebr5000289CaPaEBRm u cr cn|||||||||000501s2000 ne sb 001 0 eng d z 00033719  z1556197985 aCaPaEBRcCaPaEBR a(OCoLC)7076537714aP96.L34bE54 2000eb04a302.23/01/422100aEnglish media texts, past and presenth[electronic resource] :blanguage and textual structure /cedited by Friedrich Ungerer. aAmsterdam ;aPhiladelphia :bJ. Benjamins Pub.,cc2000. axiv, 286 p.1 aPragmatics & beyond,x0922-842X ;vnew ser. 80 aIncludes bibliographical references and index. aElectronic reproduction.bPalo Alto, Calif. :cebrary,d2013.nAvailable via World Wide Web.nAccess may be limited to ebrary affiliated libraries. 0aMass media and language. 0aDiscourse analysis. 0aEnglish languagexDiscourse analysis. 7aElectronic books.2local1 aUngerer, Friedrich.2 aebrary, Inc. 0aPragmatics & beyond ;vnew ser. 80.40uhttp://site.ebrary.com/lib/rucke/Doc?id=5000289zAn electronic book accessible through the World Wide Web; click to view c2750d2750